[Event "Bullet Chess Winners 2023"]
[Site "chess.com INT"]
[Date "2023.07.19"]
[Round "3.27"]
[White "Nakamura,Hi"]
[Black "Naroditsky,D"]
[Result "1/2-1/2"]
[WhiteElo "2787"]
[BlackElo "2619"]

1.e4 c5 2.Nc3 e6 3.f4 Nc6 4.Nf3 d5 5.Bb5 Ne7 6.exd5 exd5 7.Qe2 d4 8.Bxc6+ bxc6
9.Ne4 Qd5 10.c4 dxc3 11.bxc3 Bf5 12.d3 O-O-O 13.c4 Qxd3 14.Qxd3 Rxd3 15.Nxc5 Rd8
16.O-O Ng6 17.Nb3 Bd3 18.Re1 Bxc4 19.Be3 Bd6 20.f5 Ne5 21.Nxe5 Bxe5 22.Rac1 Bd5
23.Bxa7 Bc7 24.Bf2 Rhe8 25.Rxe8 Rxe8 26.Nd4 Kd7 27.a4 Ra8 28.Ra1 Be5 29.Re1 Bd6
30.Ra1 Be5 31.Ra3 Rb8 32.Be3 Rb1+ 33.Kf2 Rb2+ 34.Ke1 Rxg2 35.a5 c5 36.Ne2 Bc4
37.Nf4 Rxh2 38.a6 Bb2 39.a7 Bxa3 40.a8=Q Bb4+ 41.Kd1 Bb3+ 42.Kc1 Rc2+ 43.Kb1 Bc3
44.Qb7+ Kd6 45.Qb8+ Kd7 46.Nd3 c4 47.Nc5+ Kc6 48.Qb7+ Kd6 49.Ne4+ Ke5 50.Nxc3 Rxc3
51.Qe7+ Kxf5 52.Qxf7+ Ke4 53.Bd2 Rd3 54.Qf4+ Kd5 55.Be3 Kc6 56.Qe4+ Kd6 57.Kb2 Kd7
58.Bf4 Ba4 59.Qf5+ Kc6 60.Qe6+ Kb5 61.Bd6 c3+ 62.Ka2 Rd2+ 63.Ka3 c2 64.Qf5+ Kc6
65.Qc5+ Kd7 66.Kxa4 c1=Q 67.Qxc1 Rxd6 68.Qg5 Rc6 69.Qxg7+ Kd6 70.Qxh7 Kc5
71.Qc2+ Kb6 72.Qxc6+ Kxc6  1/2-1/2

[Event "Bullet Chess Winners 2023"]
[Site "chess.com INT"]
[Date "2023.07.19"]
[Round "3.28"]
[White "Naroditsky,D"]
[Black "Nakamura,Hi"]
[Result "0-1"]
[WhiteElo "2619"]
[BlackElo "2787"]

1.d4 Nf6 2.Nc3 c5 3.dxc5 e6 4.e4 Bxc5 5.e5 Ng8 6.Ne4 Nc6 7.Nf3 d5 8.exd6 Bb6
9.Bd3 h6 10.O-O Nf6 11.Re1 Bd7 12.Qe2 Nb4 13.Bc4 Rc8 14.Bb3 Bc6 15.Nxf6+ Qxf6
16.Ne5 Rd8 17.c3 Nd5 18.d7+ Kf8 19.Nxc6 bxc6 20.c4 Nf4 21.Qf3 Nh3+ 22.Kf1 Qxf3
23.gxf3 Rxd7 24.Ba4 Nxf2 25.Bxc6 Rc7 26.Bb5 Nd3 27.Rd1 Nxc1 28.Rd8+ Ke7 29.Rxh8 Nd3
30.Rd1 Nxb2 31.Rc1 Nd3 32.Rc3 Nc5 33.Re8+ Kf6 34.Kg2 a6 35.Rb8 axb5 36.Rxb6 Na4
37.Rb7 Rxb7  0-1

[Event "Bullet Chess Winners 2023"]
[Site "chess.com INT"]
[Date "2023.07.19"]
[Round "3.29"]
[White "Nakamura,Hi"]
[Black "Naroditsky,D"]
[Result "1-0"]
[WhiteElo "2787"]
[BlackElo "2619"]

1.e4 e5 2.Nc3 Nf6 3.f4 d5 4.exd5 exf4 5.Bc4 Bd6 6.Nf3 O-O 7.O-O c6 8.dxc6 Nxc6
9.d4 Bg4 10.Ne2 Re8 11.c3 Qe7 12.Nxf4 Rad8 13.h3 Ne5 14.Be2 Nxf3+ 15.Bxf3 Bxf3
16.Qxf3 Qe4 17.Qxe4 Nxe4 18.Nd3 Ng3 19.Rf3 Re2 20.Bf4 Bxf4 21.Nxf4 Re4 22.Rxg3 Rxf4
23.Re1 b5 24.Re7 b4 25.Rxa7 bxc3 26.bxc3 h6 27.Rf3 Rxf3 28.gxf3 Rc8 29.Ra3 Kh7
30.Kf2 Kg6 31.Ke3 Rd8 32.Kd3 Ra8  1-0

[Event "Bullet Chess Winners 2023"]
[Site "chess.com INT"]
[Date "2023.07.19"]
[Round "3.16"]
[White "Naroditsky,D"]
[Black "Nakamura,Hi"]
[Result "0-1"]
[WhiteElo "2619"]
[BlackElo "2787"]

1.d4 Nf6 2.Nc3 c5 3.d5 d6 4.e4 a6 5.a4 g6 6.Nf3 Bg7 7.Bc4 Bg4 8.h3 Bxf3 9.Qxf3 Nbd7
10.Qe2 O-O 11.O-O Re8 12.Bf4 Ne5 13.Ba2 Rc8 14.Rad1 Qb6 15.Bc1 Ned7 16.f4 Qa5
17.g4 b5 18.axb5 axb5 19.e5 b4 20.exf6 Nxf6 21.Qb5 Ra8 22.Qxa5 Rxa5 23.g5 Nh5
24.Bc4 bxc3 25.bxc3 Bxc3 26.Rf3 Bd4+ 27.Kg2 Rb8 28.c3 Bh8 29.Re1 Ng7 30.Rxe7 Nf5
31.Rd7 Nh4+ 32.Kg3 Nxf3 33.Kxf3 Ra1 34.Be3 Bxc3 35.Rxd6 Bd4 36.Bxd4 cxd4
37.Rd7 Re1 38.d6 Re3+ 39.Kg4 d3 40.Bxf7+ Kh8 41.Re7 d2 42.Rxe3 d1=Q+ 43.Kg3 Qxd6
44.h4 Rf8 45.Re6 Qd3+ 46.Kg4 Qf5+ 47.Kg3 Qxf7 48.Re8  0-1

[Event "Bullet Chess Winners 2023"]
[Site "chess.com INT"]
[Date "2023.07.19"]
[Round "3.19"]
[White "Nakamura,Hi"]
[Black "Naroditsky,D"]
[Result "1-0"]
[WhiteElo "2787"]
[BlackElo "2619"]

1.e4 e5 2.Nc3 Nc6 3.Bc4 Nf6 4.d3 Bc5 5.h3 d6 6.Nge2 Be6 7.Ng3 d5 8.exd5 Nxd5
9.Bxd5 Bxd5 10.O-O Be6 11.Be3 Bb6 12.Bxb6 axb6 13.f4 exf4 14.Rxf4 O-O 15.Qd2 Qe7
16.Raf1 Rae8 17.a3 f6 18.Qf2 Ne5 19.d4 Ng6 20.Re4 Qd7 21.Rfe1 c6 22.Nh5 Bc4
23.b3 Rxe4 24.Nxe4 Bd5 25.Nexf6+ gxf6 26.Nxf6+ Rxf6 27.Qxf6 Bf7 28.h4 h5
29.Re3 Qg4 30.Kh2 Qf4+ 31.Qxf4 Nxf4 32.Re7 b5 33.Rxb7 Ne2 34.a4 bxa4 35.bxa4 Nxd4
36.a5 Bc4 37.Rb4  1-0

[Event "Bullet Chess Winners 2023"]
[Site "chess.com INT"]
[Date "2023.07.19"]
[Round "3.31"]
[White "Nakamura,Hi"]
[Black "Naroditsky,D"]
[Result "0-1"]
[WhiteElo "2787"]
[BlackElo "2619"]

1.e4 e5 2.Nc3 Nc6 3.Bc4 Nf6 4.d3 Bc5 5.h3 d6 6.Nge2 Be6 7.Ng3 Qd7 8.O-O O-O-O
9.Bg5 h6 10.Bxf6 gxf6 11.Qh5 Rdg8 12.Bxe6 fxe6 13.Kh1 Rg5 14.Qh4 Qg7 15.Nce2 h5
16.f4 exf4 17.Rxf4 Ne5 18.d4 Ng6  0-1

[Event "Bullet Chess Winners 2023"]
[Site "chess.com INT"]
[Date "2023.07.20"]
[Round "4.16"]
[White "Firouzja,Alireza"]
[Black "Nakamura,Hi"]
[Result "1-0"]
[WhiteElo "2777"]
[BlackElo "2787"]

1.d4 d6 2.e4 g6 3.Nc3 Bg7 4.f4 Nc6 5.Be3 Bg4 6.Qxg4 Nxd4 7.O-O-O Nc6 8.e5 e6
9.Nf3 Nge7 10.Qh3 d5 11.Bf2 a6 12.Kb1 Qd7 13.Ne4 O-O-O 14.Nf6 Bxf6 15.exf6 Nf5
16.Ne5 Qe8 17.Bd3 Nd6 18.Rhe1 Kb8 19.Qe3 b6 20.Bxa6 Nb4 21.Bf1 Qa4 22.Qb3 Qxb3
23.axb3 Ne4 24.Be3  1-0

[Event "Bullet Chess Winners 2023"]
[Site "chess.com INT"]
[Date "2023.07.20"]
[Round "4.18"]
[White "Firouzja,Alireza"]
[Black "Nakamura,Hi"]
[Result "1-0"]
[WhiteElo "2777"]
[BlackElo "2787"]

1.e4 d6 2.d4 Nf6 3.Nc3 e5 4.dxe5 dxe5 5.Qxd8+ Kxd8 6.Bc4 Ke8 7.f4 c6 8.Nf3 exf4
9.Bxf4 Be6 10.Bxe6 fxe6 11.O-O-O Bb4 12.Ng5 Ke7 13.a3 Bxc3 14.Bd6+ Ke8 15.bxc3 Na6
16.Nxe6 Kf7 17.Ng5+ Kg6 18.Nf3 h6 19.Rhe1 Rhe8 20.e5 Nd5 21.c4 Nb6 22.Rd4 c5
23.Rg4+ Kh7 24.Nh4 Rad8 25.Rf1 Rd7 26.Ng6 Kg8 27.h4 Nc8 28.h5 Nxd6 29.exd6 Rxd6
30.Rgf4 Rdd8 31.Rf7 Nb8 32.Rxb7 Nd7 33.Rd1 Nf6 34.Rxd8 Rxd8 35.Rxa7 Nxh5
36.a4 Rd6 37.Ne7+ Kh7 38.a5 Nf4 39.a6 Ne2+ 40.Kb2 Rb6+ 41.Ka3 Nc3 42.Nd5 Nb1+
43.Ka2 Rb2+ 44.Kxb2  1-0

[Event "Bullet Chess Winners 2023"]
[Site "chess.com INT"]
[Date "2023.07.20"]
[Round "4.14"]
[White "Firouzja,Alireza"]
[Black "Nakamura,Hi"]
[Result "0-1"]
[WhiteElo "2777"]
[BlackElo "2787"]

1.e4 d6 2.d4 g6 3.Nc3 Bg7 4.h4 Nf6 5.f3 e5 6.dxe5 dxe5 7.Qxd8+ Kxd8 8.Bg5 c6
9.O-O-O+ Ke7 10.Bc4 Be6 11.Bxe6 Kxe6 12.Nge2 Nbd7 13.Rd2 h6 14.Be3 Bf8 15.Rhd1 Nb6
16.Rd3 Nc4 17.Bf2 Be7 18.Kb1 Rhd8 19.Rxd8 Rxd8 20.Rxd8 Bxd8 21.Bxa7 b6 22.b3 Nd6
23.Bb8 Nc8 24.f4 Ng4 25.g3 f6 26.a4 Kd7 27.b4 Be7 28.b5 Bc5 29.bxc6+ Kxc6
30.Nd5 Ne7 31.Nec3 Nxd5 32.Nxd5 Bf2 33.fxe5 fxe5 34.Ne7+ Kb7 35.Bd6 Bxg3
36.Nxg6 Kc6 37.Bb8 Kb7 38.Bd6 Kc6 39.Bf8 h5 40.Kb2 Nf2 41.Ne7+ Kd7 42.Nf5 Bf4
43.Kb3 Nxe4 44.Kc4 Nf6 45.Kb5 e4 46.Kxb6 e3 47.Bb4 Nd5+ 48.Kb5 Nxb4 49.Nxe3 Na2
50.Nd5 Be5 51.Kc4 Kd6 52.a5 Kc6 53.Nb4+ Nxb4 54.Kxb4 Bg3 55.Kc4 Bxh4 56.Kd3 Bd8
57.Ke4 h4 58.Kf3 Kb7 59.Kg4 Ka6 60.Kh3 Kxa5 61.Kg4 Kb6 62.Kh3 Kc6 63.Kg4 Kc5
64.Kh3 Kc4 65.Kg4 Kc3 66.Kh3 Kxc2 67.Kg4 Kc3 68.Kh3 Kc4 69.Kg2 Kc5 70.Kh1 Kc6
71.Kg2 Kb7 72.Kh1 Ka8 73.Kh2 Kb8 74.Kh3 Kc8 75.Kg4 Kd7 76.Kh3 Ke8 77.Kg4 Ke7
78.Kh3 Kf7 79.Kg4 Kg8 80.Kh3 Be7 81.Kg2 Kg7 82.Kh3 Kh7 83.Kg2 Kh6 84.Kh3 Kh5
85.Kg2 Kg5 86.Kh3 Bf6 87.Kg2 Bg7 88.Kh1 Bf8 89.Kg1 Bh6 90.Kh1 Kg4 91.Kg2 h3+
92.Kh2 Bg5 93.Kh1 Bf6 94.Kg1 Bd4+ 95.Kh1 Bc5  0-1

[Event "Bullet Chess Winners 2023"]
[Site "chess.com INT"]
[Date "2023.07.20"]
[Round "4.13"]
[White "Nakamura,Hi"]
[Black "Firouzja,Alireza"]
[Result "0-1"]
[WhiteElo "2787"]
[BlackElo "2777"]

1.Nf3 d5 2.b3 Nf6 3.Bb2 e6 4.e3 Be7 5.d4 O-O 6.Bd3 b6 7.c4 Bb7 8.Nbd2 Nbd7
9.cxd5 exd5 10.O-O Bd6 11.Rc1 Re8 12.Bf5 h6 13.Bh3 a5 14.Qc2 Ba6 15.Rfe1 Ne4
16.Nxe4 dxe4 17.Ne5 Nxe5 18.dxe5 Bxe5 19.Bxe5 Rxe5 20.Qxc7 Qxc7 21.Rxc7 Rd8
22.Rc6 Rd2 23.Rxb6 Bd3 24.a4 g6 25.g3 Rc5 26.Bg2 Rcc2 27.Rf6 Kg7 28.Rf4 f5
29.g4 fxg4 30.Ra1 h5 31.h3 g3 32.Bxe4 gxf2+ 33.Kh1 Bxe4+ 34.Rxe4 f1=Q+  0-1

[Event "Bullet Chess Winners 2023"]
[Site "chess.com INT"]
[Date "2023.07.20"]
[Round "4.19"]
[White "Nakamura,Hi"]
[Black "Firouzja,Alireza"]
[Result "1-0"]
[WhiteElo "2787"]
[BlackElo "2777"]

1.e4 c5 2.Nc3 d6 3.Nf3 Nf6 4.d4 cxd4 5.Nxd4 a6 6.a4 e5 7.Nf3 Be7 8.Bc4 h6
9.O-O O-O 10.Qe2 Be6 11.Rd1 Nbd7 12.Be3 Rc8 13.Bb3 Qa5 14.Bd2 Qc7 15.Nh4 Nc5
16.Nf5 Bxf5 17.exf5 Nxb3 18.cxb3 d5 19.Rac1 Qb8 20.Re1 e4 21.g4 Bd6 22.h4 Be5
23.g5 d4 24.Nxe4 Nxe4 25.Qxe4 Rxc1 26.Bxc1 f6 27.f4 Bd6 28.Qxd4 Qc7 29.Be3 Re8
30.Kf2 hxg5 31.hxg5 fxg5 32.Rc1 Qe7 33.fxg5 Be5 34.Qd5+ Qf7 35.Qxf7+ Kxf7
36.Kf3 Bxb2 37.Rc7+ Kg8 38.Rxb7  1-0

[Event "Bullet Chess Winners 2023"]
[Site "chess.com INT"]
[Date "2023.07.20"]
[Round "4.17"]
[White "Nakamura,Hi"]
[Black "Firouzja,Alireza"]
[Result "1-0"]
[WhiteElo "2787"]
[BlackElo "2777"]

1.e4 c6 2.Nc3 d5 3.Nf3 dxe4 4.Nxe4 Nf6 5.Ng3 Bg4 6.Bc4 e6 7.h3 Bxf3 8.Qxf3 Nbd7
9.Qe2 Bd6 10.Nf1 O-O 11.Ne3 Ne5 12.Bb3 Ng6 13.g3 a5 14.a3 e5 15.d3 e4 16.d4 a4
17.Ba2 Bc7 18.c3 c5 19.dxc5 Ne5 20.Kf1 Nd3 21.Kg2 Qe7 22.Bb1 Rfd8 23.Rd1 Nxc1
24.Rxc1 Qxc5 25.Ba2 h5 26.Rd1 h4 27.Ng4 Nxg4 28.Qxg4 hxg3 29.fxg3 Qe3 30.Rf1 Rd2+
31.Kh1 Bxg3 32.Bxf7+ Kh8 33.Qh5+ Qh6 34.Rf5 Rf8 35.Raf1 e3 36.Bg6 Rxf5 37.Rxf5 Qxh5
38.Rf8+  1-0

[Event "Bullet Chess Winners 2023"]
[Site "chess.com INT"]
[Date "2023.07.20"]
[Round "4.15"]
[White "Nakamura,Hi"]
[Black "Firouzja,Alireza"]
[Result "1-0"]
[WhiteElo "2787"]
[BlackElo "2777"]

1.e4 e5 2.Nc3 Nc6 3.Bc4 Bc5 4.d3 Na5 5.Nf3 Nxc4 6.dxc4 d6 7.O-O Ne7 8.Na4 b6
9.a3 Bd7 10.Nxc5 bxc5 11.Ne1 O-O 12.f4 Bc6 13.Qe2 exf4 14.Rxf4 Ng6 15.Rg4 Re8
16.Qf2 Bxe4 17.Bg5 Qd7 18.Rg3 Qe6 19.b3 f5 20.Nd3 h6 21.Bd2 Qf6 22.Rf1 Kh7
23.Nf4 Nxf4 24.Qxf4 g5 25.Qf2 f4 26.Rh3 Bxc2 27.Bxf4 Bg6 28.Bd2 Qxf2+ 29.Rxf2 Re5
30.Bc3 Rf5 31.Rxf5 Bxf5 32.Re3 Kg6 33.Re7 Rb8 34.b4 cxb4 35.axb4 c5 36.b5 d5
37.h3 h5 38.Rg7+ Kh6 39.cxd5 Rxb5 40.Rf7 Bc8 41.Rxa7 Rb3 42.Bg7+ Kg6 43.Rc7 Rd3
44.Bh8 Bf5 45.Rxc5 Be4 46.d6 Rxd6 47.Re5 Rd1+ 48.Kf2 Rd8 49.Re6+ Kf5 50.Rf6+ Ke5
51.Rf8+  1-0

[Event "Bullet Chess Winners 2023"]
[Site "chess.com INT"]
[Date "2023.07.20"]
[Round "4.11"]
[White "Nakamura,Hi"]
[Black "Firouzja,Alireza"]
[Result "1-0"]
[WhiteElo "2787"]
[BlackElo "2777"]

1.Nf3 Nf6 2.b3 g6 3.Bb2 Bg7 4.e3 O-O 5.d4 d6 6.Be2 Nbd7 7.O-O c6 8.c4 Re8
9.b4 a5 10.a3 Nb6 11.c5 Nbd5 12.cxd6 exd6 13.bxa5 Qxa5 14.Nbd2 Nb6 15.Rc1 Na4
16.Ba1 d5 17.Nb3 Qd8 18.Ne5 Bf8 19.Nc5 Nxc5 20.dxc5 Rxa3 21.Bd4 Bg7 22.Nd3 Ne4
23.Bxg7 Kxg7 24.Bf3 Qf6 25.Bxe4 dxe4 26.Nf4 Rd8 27.Qc2 Bf5 28.Ne2 Rd5 29.Nd4 Ra5
30.Qb3 Raxc5 31.Rxc5 Rxc5 32.Qxb7 h5 33.h3 Qg5 34.Kh1 Qf6 35.Ra1 Rc4 36.Qb8 c5
37.Ra8 Kh6 38.Qf4+ Kh7 39.Ne2 Rc2 40.Ng3 h4 41.Nxe4 Qe7 42.Ng5+ Kg7 43.Qxh4 Rc1+
44.Kh2 Qe5+ 45.f4  1-0

[Event "Bullet Chess Winners 2023"]
[Site "chess.com INT"]
[Date "2023.07.20"]
[Round "4.10"]
[White "Firouzja,Alireza"]
[Black "Nakamura,Hi"]
[Result "0-1"]
[WhiteElo "2777"]
[BlackElo "2787"]

1.e4 g6 2.d4 Bg7 3.Nf3 a6 4.c3 d6 5.Bd3 Nd7 6.O-O e5 7.Re1 Ngf6 8.h3 O-O
9.Be3 Re8 10.Nbd2 b6 11.d5 Nc5 12.Bc2 Bb7 13.b4 Ncd7 14.c4 Nh5 15.Rb1 a5
16.c5 Ba6 17.cxd6 cxd6 18.bxa5 bxa5 19.Ba4 Rf8 20.Bb5 Bxb5 21.Rxb5 f5 22.Ng5 f4
23.Ne6 fxe3 24.Rxe3 Qf6 25.Rf3 Qe7 26.Nxf8 Nxf8 27.Nc4 Nf4 28.Nxa5 Qc7 29.a4 Rxa5
30.Rxa5 Qxa5 31.h4 Nd7 32.g3 Nh5 33.Rb3 Nhf6 34.Rb5 Qa7 35.Qc2 Nc5 36.a5 Nfxe4
37.Kg2 Nf6 38.Qc4 Bf8 39.a6 Qxa6 40.Rxc5 Qxc4 41.Rxc4 Nxd5 42.Rc8 Kf7 43.Rb8 Nf6
44.Rb7+ Be7 45.f3 Ke6 46.g4 h5 47.g5 Nd5 48.Kg3 Nf4 49.Rb8 d5 50.Rb6+ Bd6
51.Rb7 d4 52.Rb2 d3 53.Rd2 Bb4 54.Ra2 d2 55.Ra1 Nd3 56.Rd1 Nb2 57.Rb1 d1=Q
58.Rxd1 Nxd1 59.f4 Be1+ 60.Kf3 Bxh4  0-1

[Event "Bullet Chess Winners 2023"]
[Site "chess.com INT"]
[Date "2023.07.20"]
[Round "4.12"]
[White "Firouzja,Alireza"]
[Black "Nakamura,Hi"]
[Result "0-1"]
[WhiteElo "2777"]
[BlackElo "2787"]

1.e4 g6 2.d4 Bg7 3.c3 d6 4.Nf3 Nd7 5.Bd3 e5 6.O-O Ngf6 7.Re1 O-O 8.h3 Re8
9.Nbd2 b6 10.Nf1 Bb7 11.Ng3 h6 12.Bd2 a6 13.Qc1 Kh7 14.h4 c5 15.d5 b5 16.c4 bxc4
17.Bxc4 a5 18.a4 Ba6 19.Bxa6 Rxa6 20.Be3 Qa8 21.h5 Rb8 22.hxg6+ fxg6 23.Nd2 Rb4
24.b3 Nb6 25.f3 Qf8 26.Qc2 h5 27.Ne2 Bh6 28.Bxh6 Qxh6 29.Nc1 Nbd7 30.Nd3 Rb8
31.Nc4 h4 32.Nf2 Nh5 33.Nh3 Nf4 34.Nxf4 Qxf4 35.Re3 g5 36.Qf2 Rf8 37.Rf1 Nf6
38.Qe1 Nh5 39.Rf2 Ng3 40.Rc3 g4 41.Ne3 gxf3 42.Rxf3 Qh6 43.Ng4 Rxf3 44.Rxf3 Qg5
45.Nf6+ Kg6 46.Nd7 Ra7 47.Nf8+ Kh5 48.Ne6 Qh6 49.Qd1 Qc1 50.Rf5+ Kg6 51.Rg5+ Kf6
52.Rf5+ Kg6 53.Qxc1 Ne2+ 54.Kf2 Nxc1 55.Rg5+ Kf6 56.Rh5 Nxb3 57.Ke3 Kg6 58.Rg5+ Kh7
59.Rh5+ Kg8 60.Rxh4 Rh7 61.Rg4+ Kh8 62.Ng5 Rb7 63.Rh4+ Kg8 64.Ne6 Nd4 65.Rg4+ Kh7
66.Nxd4 cxd4+ 67.Kd3 Rb3+ 68.Kd2 Rc3 69.Rh4+ Kg6 70.Rg4+ Kf6 71.Rh4 Ra3 72.Rh6+ Kg5
73.Rxd6 Kf4 74.Rf6+ Kxe4 75.Rf3 Ra2+ 76.Ke1 Rxa4 77.Kf2 Ra1 78.Kg3 Ra2 79.Rf4+ Kxd5
80.Kg4 exf4 81.Kxf4 Rf2+ 82.Kg4 Rxg2+  0-1

[Event "Bullet Chess Winners 2023"]
[Site "chess.com INT"]
[Date "2023.07.20"]
[Round "4.8"]
[White "Firouzja,Alireza"]
[Black "Nakamura,Hi"]
[Result "1-0"]
[WhiteElo "2777"]
[BlackElo "2787"]

1.e4 d6 2.d4 Nf6 3.Nc3 Nc6 4.Nf3 e5 5.dxe5 Nxe5 6.Nxe5 dxe5 7.Qxd8+ Kxd8
8.Bc4 Ke8 9.Nb5 Bd6 10.Nxd6+ cxd6 11.f3 Be6 12.Bb3 Ke7 13.Bg5 Rhc8 14.c3 h6
15.Bxf6+ Kxf6 16.Rd1 Ke7 17.Kf2 Bxb3 18.axb3 a5 19.Rd5 Rc6 20.Rb5 b6 21.Rd1 Rac8
22.b4 axb4 23.Rxb4 Ra8 24.Ke2 Kd7 25.g3 g6 26.f4 f6 27.f5 g5 28.h4 gxh4 29.gxh4 Rg8
30.Kf3 Kc7 31.Ra1 Rb8 32.Rg1 Rc5 33.Rg6 Rf8 34.Rxh6 Ra5 35.Rc4+ Kb7 36.Rh7+ Ka6
37.Rcc7 Kb5 38.Rhd7 Ra1 39.Rxd6 Rf1+ 40.Ke2 Rf4 41.Rcc6 Rxe4+ 42.Kd3 Rxh4
43.Rxb6+ Ka5 44.Ra6+ Kb5 45.Rdb6+ Kc5 46.b4+  1-0

[Event "Bullet Chess Winners 2023"]
[Site "chess.com INT"]
[Date "2023.07.20"]
[Round "4.7"]
[White "Nakamura,Hi"]
[Black "Firouzja,Alireza"]
[Result "1-0"]
[WhiteElo "2787"]
[BlackElo "2777"]

1.e4 e5 2.Nc3 Nc6 3.Bc4 Bc5 4.d3 Na5 5.Nf3 Nxc4 6.dxc4 d6 7.O-O Ne7 8.Na4 b6
9.a3 a5 10.c3 Bd7 11.b4 Bxa4 12.Qxa4+ b5 13.Qb3 axb4 14.cxb4 bxc4 15.Qxc4 Bb6
16.Rd1 Ng6 17.a4 O-O 18.a5 Ba7 19.Bd2 Kh8 20.Rac1 Rc8 21.Be3 Bxe3 22.fxe3 Nh4
23.Qe2 f5 24.exf5 Nxf5 25.e4 Ne7 26.Nxe5 Qe8 27.Nf3 Ng6 28.g3 Qe6 29.Nd4 Qh3
30.Rf1 Ne5 31.a6 h5 32.a7 h4 33.Rxf8+ Rxf8 34.Qh5+ Kg8 35.Qxh4 Qd7 36.Qh5 c5
37.Nf5 Qxa7 38.bxc5 dxc5 39.Kg2 Qa2+ 40.Kh3 Qe6 41.Rxc5 g6 42.Rxe5 Qxe5 43.Nh6+ Kh8
44.Qxe5+  1-0

[Event "Bullet Chess Winners 2023"]
[Site "chess.com INT"]
[Date "2023.07.20"]
[Round "4.6"]
[White "Firouzja,Alireza"]
[Black "Nakamura,Hi"]
[Result "1-0"]
[WhiteElo "2777"]
[BlackElo "2787"]

1.e4 e5 2.Nf3 Nc6 3.Bc4 Nf6 4.d3 Bc5 5.c3 O-O 6.Bg5 h6 7.Bh4 Be7 8.Bg3 d6
9.h3 Na5 10.Bb5 a6 11.Ba4 b5 12.Bc2 c5 13.Nbd2 Nc6 14.O-O Qc7 15.Re1 Re8
16.Nf1 Bf8 17.Ne3 Be6 18.Bb3 Qb7 19.Bh4 Nd7 20.Nd5 Nb6 21.Nxb6 Qxb6 22.Nd2 Na5
23.Bc2 Rac8 24.Nf1 d5 25.exd5 Bxd5 26.Ne3 Bb7 27.Ng4 Nc6 28.d4 e4 29.Nf6+ gxf6
30.Qg4+  1-0

[Event "Bullet Chess Winners 2023"]
[Site "chess.com INT"]
[Date "2023.07.20"]
[Round "4.5"]
[White "Nakamura,Hi"]
[Black "Firouzja,Alireza"]
[Result "0-1"]
[WhiteElo "2787"]
[BlackElo "2777"]

1.e4 e5 2.Nc3 Nc6 3.Nf3 Nf6 4.Bb5 Bd6 5.d3 O-O 6.Bc4 Ne7 7.O-O c6 8.d4 Ng6
9.dxe5 Nxe5 10.Be2 Nxf3+ 11.Bxf3 Be5 12.g3 d6 13.Bg2 Re8 14.Re1 h6 15.Qd3 Be6
16.Nd1 b5 17.f4 Bc4 18.Qd2 Qb6+ 19.Kh1 Rad8 20.fxe5 dxe5 21.Qe3 Qa5 22.Qg1 Ng4
23.Ne3 Nf6 24.b3 Qc3 25.Rb1 Be6 26.Bb2 Qa5 27.Bxe5 Nd7 28.Bb2 Qxa2 29.Bc3 Qa3
30.Nf5 f6 31.Ra1 Qc5 32.Qxc5 Nxc5 33.Bd4 Nxb3 34.cxb3 Bxf5 35.exf5 Rxe1+
36.Rxe1 Rxd4 37.Bxc6 Rb4 38.Re7 a5 39.Bd5+ Kh7 40.Re8 h5 41.h4 a4 42.Bg8+ Kh6
43.Bf7 g5 44.bxa4 gxh4 45.axb5 hxg3 46.Rg8 h4 47.Kg2 Kh7 48.Rg6 Rxb5 49.Kh3 Rxf5
50.Rg4 Rg5 51.Rxh4+ Kg7 52.Bd5 Rxd5 53.Kg2 Rg5 54.Re4 Kg6 55.Rc4 f5 56.Rc6+ Kh5
57.Rc4 Rg4 58.Rc8 Kg5 59.Rf8 Kf4 60.Rc8 Kg5 61.Rc5 Kf4 62.Rc6 Kg5 63.Rc8 Re4
64.Rf8 Kf4 65.Kh3 Re2 66.Rxf5+ Kxf5 67.Kxg3 Re4  0-1

[Event "Bullet Chess Winners 2023"]
[Site "chess.com INT"]
[Date "2023.07.20"]
[Round "4.4"]
[White "Firouzja,Alireza"]
[Black "Nakamura,Hi"]
[Result "1-0"]
[WhiteElo "2777"]
[BlackElo "2787"]

1.e4 e5 2.Nf3 Nc6 3.Bc4 Bc5 4.c3 Nf6 5.d3 d6 6.O-O O-O 7.Bg5 h6 8.Bh4 a6
9.a4 Ba7 10.Nbd2 g5 11.Bg3 Kg7 12.b4 Nh7 13.b5 Ne7 14.d4 f6 15.Re1 Ng6 16.Nf1 h5
17.h4 g4 18.N3h2 f5 19.exf5 Bxf5 20.Ne3 Bc8 21.Bd3 exd4 22.cxd4 c6 23.bxc6 bxc6
24.Qc2 Rf6 25.Qxc6 Rb8 26.Rab1 Bd7 27.Qxa6 Bxd4 28.Nd5 Rxb1 29.Bxb1 Re6 30.Rxe6 Bxe6
31.Qd3  1-0

[Event "Bullet Chess Winners 2023"]
[Site "chess.com INT"]
[Date "2023.07.20"]
[Round "4.9"]
[White "Nakamura,Hi"]
[Black "Firouzja,Alireza"]
[Result "0-1"]
[WhiteElo "2787"]
[BlackElo "2777"]

1.b3 e5 2.Bb2 Nc6 3.e3 Nf6 4.Bb5 Bd6 5.Ne2 O-O 6.Ng3 a6 7.Be2 Be7 8.O-O d5
9.f4 exf4 10.Rxf4 Re8 11.Nc3 Bd6 12.Rf1 d4 13.exd4 Nxd4 14.Bd3 Bg4 15.Qc1 Be5
16.Kh1 Bxg3 17.hxg3 Nh5 18.Kh2 Qd6  0-1

[Event "Bullet Chess Winners 2023"]
[Site "chess.com INT"]
[Date "2023.07.20"]
[Round "4.2"]
[White "Firouzja,Alireza"]
[Black "Nakamura,Hi"]
[Result "1-0"]
[WhiteElo "2777"]
[BlackElo "2787"]

1.e4 e5 2.Nf3 Nc6 3.Bb5 Nf6 4.d3 Bc5 5.c3 O-O 6.Bg5 Re8 7.O-O h6 8.Bh4 a6
9.Bc4 b5 10.Bb3 Be7 11.a4 Rb8 12.axb5 axb5 13.Re1 d6 14.Bg3 Nh5 15.Nxe5 Nxe5
16.Bxe5 dxe5 17.Qxh5 Be6 18.Bxe6 fxe6 19.Qxe5 Qxd3 20.Qxe6+ Kh8 21.Qd5 Rbd8
22.Qxd3 Rxd3 23.Na3 b4 24.Nb5 c6 25.Nc7 Rc8 26.Ne6 bxc3 27.bxc3 Rxc3 28.Rac1 Rd3
29.g3 c5 30.Nf4 Rd4 31.Ng6+  1-0

[Event "Bullet Chess Winners 2023"]
[Site "chess.com INT"]
[Date "2023.07.20"]
[Round "4.1"]
[White "Nakamura,Hi"]
[Black "Firouzja,Alireza"]
[Result "1/2-1/2"]
[WhiteElo "2787"]
[BlackElo "2777"]

1.Nf3 Nf6 2.b3 g6 3.Bb2 Bg7 4.e3 O-O 5.d4 d6 6.Be2 Nbd7 7.O-O c6 8.c4 Re8
9.b4 Qc7 10.c5 a5 11.a3 d5 12.Nc3 e5 13.b5 e4 14.b6 Qb8 15.Nd2 h5 16.Re1 Nf8
17.Nf1 Be6 18.f3 exf3 19.Bxf3 Bf5 20.Ng3 Bg4 21.e4 dxe4 22.Ncxe4 Nxe4 23.Nxe4 Qf4
24.Bxg4 hxg4 25.g3 Qf5 26.Nd6 Rxe1+ 27.Qxe1 Qd5 28.Qe4 Qxe4 29.Nxe4 Ne6 30.Nd6 Nxc5
31.dxc5 Bxb2 32.Rb1 Bxa3 33.Nxb7 Rb8 34.Nxa5 Bxc5+ 35.Kg2 Rxb6 36.Rxb6 Bxb6
37.Nxc6 Kg7 38.Ne5 f5 39.h3 Bc7 40.Nd3 gxh3+ 41.Kxh3 Kf6 42.g4 Kg5 43.gxf5 Kxf5
44.Kg2 g5 45.Kf3 g4+ 46.Kg2 g3 47.Nf2 gxf2 48.Kxf2  1/2-1/2

[Event "Bullet Chess Winners 2023"]
[Site "chess.com INT"]
[Date "2023.07.20"]
[Round "4.3"]
[White "Nakamura,Hi"]
[Black "Firouzja,Alireza"]
[Result "1-0"]
[WhiteElo "2787"]
[BlackElo "2777"]

1.e4 c6 2.Nc3 d5 3.Nf3 dxe4 4.Nxe4 Nf6 5.Ng3 e6 6.Bc4 Be7 7.d4 O-O 8.O-O c5
9.dxc5 Bxc5 10.Qe2 Nbd7 11.c3 Be7 12.Bf4 b6 13.Rad1 Bb7 14.Ne5 Qc8 15.Nxd7 Nxd7
16.Bxe6 Ba6 17.c4 fxe6 18.Qxe6+ Rf7 19.Qxd7 Bxc4 20.Rfe1 Bb4 21.Qxc8+ Rxc8
22.Re4 a5 23.Rc1 Ba6 24.Rxc8+ Bxc8 25.Re8+ Rf8 26.Rxf8+ Bxf8 27.Be3 b5 28.Bb6 a4
29.a3 b4 30.axb4 Bxb4 31.Bd4 g6 32.Ne4 Kf7 33.Bc3 Be7 34.f3 Ke6 35.Kf2 Kd5
36.Ke3 Kc4 37.Nd2+ Kd5 38.f4 Bc5+ 39.Kf3 h5 40.h3 Bd4 41.Nb1 Bf5 42.Na3 Bc5
43.g4 Be4+ 44.Kg3 hxg4 45.hxg4 Bxa3 46.bxa3 Kc4 47.Bb4 Kd3 48.Kh4 Bf3 49.Kg5 Ke4
50.Bd6 Be2 51.Bb4 Bd1 52.f5 gxf5 53.gxf5 Bb3 54.Kg6 Ke5 55.f6 Bc4 56.f7 Bxf7+
57.Kxf7 Kd5 58.Ke8 Kc6 59.Kd8 Kb7 60.Kd7 Ka8 61.Kc6 Kb8 62.Kb6 Ka8 63.Kb5 Kb8
64.Bd6+ Ka8 65.Be5 Ka7 66.Ka5 Ka8 67.Bd4 Kb7 68.Be3 Ka8 69.Bf2 Kb8 70.Kb6 Ka8
71.Ka6 Kb8 72.Be3 Ka8 73.Bd2 Kb8 74.Ka5 Ka8 75.Kxa4 Kb8 76.Kb3 Ka8 77.a4 Kb7
78.Bc3 Ka8 79.Bb2 Kb7 80.Bc1 Ka8 81.Be3 Kb7 82.Bf2 Ka8 83.Bg3 Kb7 84.Bh4 Ka8
85.Bg5 Kb7 86.Bf4 Ka8 87.Kc4 Kb7 88.Kb5 Ka8 89.Be3 Kb7 90.Bf2 Ka8 91.Ka6 Kb8
92.Kb6 Ka8 93.Be1 Kb8 94.Bd2 Ka8 95.Bc1 Kb8 96.a5 Ka8 97.Kb5 Kb8 98.Ka4 Ka8
99.Kb4 Kb7 100.Bd2 Ka6 101.Be1 Kb7 102.Bf2 Ka8 103.Bg3 Kb7 104.Bh4 Ka8 105.Bg5 Kb7
106.Bh6 Ka8 107.Bg7 Kb7 108.Bh8  1-0

[Event "Bullet Chess Winners 2023"]
[Site "chess.com INT"]
[Date "2023.07.20"]
[Round "4.20"]
[White "Firouzja,Alireza"]
[Black "Nakamura,Hi"]
[Result "0-1"]
[WhiteElo "2777"]
[BlackElo "2787"]

1.e4 d6 2.d4 g6 3.Nc3 Bg7 4.Be3 c6 5.h4 Nf6 6.Be2 e5 7.Nf3 Qe7 8.Kd2 b5 9.a3 a5
10.Ke1 Ba6 11.Kf1 b4 12.axb4 axb4 13.Bxa6 bxc3 14.Bd3 Rxa1 15.Qxa1 cxb2 16.Qxb2 O-O
17.dxe5 dxe5 18.Qxe5 Qb7 19.g3 Re8 20.Qf4 Nbd7 21.Kg2 c5 22.Re1 c4 23.Bf1 Rxe4
24.Qd6 Bf8 25.Qd1 Ne5 26.Nxe5 Rxe3+ 27.Nf3 Rc3 28.Re3 Rxe3 29.fxe3 Qe4 30.Qd4 Qxc2+
31.Kh3 Qf5+ 32.Kg2 Ng4 33.Bxc4 Bc5 34.Qd8+ Kg7 35.Bxf7 Nxe3+ 36.Kf2 Qxf7  0-1

[Event "Bullet Chess Winners 2023"]
[Site "chess.com INT"]
[Date "2023.07.20"]
[Round "4.22"]
[White "Firouzja,Alireza"]
[Black "Nakamura,Hi"]
[Result "1-0"]
[WhiteElo "2777"]
[BlackElo "2787"]

1.d4 d6 2.e4 g6 3.c4 Bg7 4.Nc3 Nc6 5.Nge2 e5 6.Be3 Nf6 7.d5 Ne7 8.f3 O-O
9.Qd2 a6 10.h4 c5 11.h5 Nxh5 12.g4 Nf4 13.Nxf4 exf4 14.Bxf4 f5 15.gxf5 gxf5
16.Qh2 Ng6 17.Qxh7+ Kf7 18.Rg1 Qf6 19.e5 dxe5 20.Bg5 Qd6 21.Bh6 Qf6 22.O-O-O Rh8
23.Qxg7+ Qxg7 24.Bxg7 Kxg7 25.Na4 Kf6 26.Nxc5 b6 27.Na4 Rb8 28.c5 bxc5 29.Nxc5 Nf4
30.d6 Be6 31.d7 Bd5 32.Bxa6 Rb6 33.a3 Rc6 34.b4 Rd8 35.Bb5 Rb6 36.a4 Bxf3
37.Rd2 Bd5 38.Rgd1 Bf3 39.Rd6+ Rxd6 40.Rxd6+ Ke7 41.Rh6 e4 42.Nb7  1-0